000 00424nab a2200145Ia 4500
003 ES-SlBCS
005 20210601133843.0
008 140529s1954 xxu||||| |||| 00| 0 por d
041 _apor
100 1 _aCabral, Joao Paulo
_9121510
245 0 2 _aA Integridade em Soloviev
_c Joao Cabral
600 1 4 _aSoloviev, Vladimir
_921827
773 0 _tRevista Portuguesa de Filosofia
_gvol. 10, 1954, págs. 3-23
_wRev379
942 _cAR
999 _c603203
_d603203